000 00644nam a2200241Ia 4500
003 OSt
005 20220925212920.0
006 a|||||r|||| 00| 0
007 ta
008 220923b |||||||| |||| 00| 0 eng d
020 _a0485113791
037 _cGeneral Book
040 _aRTL
_cRTL
_beng
041 _2eng
_aeng
082 _aQ5, N0
100 _aLevinason Emmanuel
_9277614
245 0 _aDifficult freedom
_b Essays on Judaism
260 _aLondon
_bAthlone Press UK
_c1990
300 _axiv, 306p.
_ccm.
650 _aBuddhism
942 _hQ5, N0
_cGB
_2CC
999 _c561566
_d561566